National Anthem of Israel - ''Hatikvah (התקוה)'' - Statistics

General Stats
  • This quiz has been taken 82 times
  • The average score is 16 of 35
Answer Stats
Answer % Correct
Kol
88%
'od
86%
nefesh
73%
yehudi
71%
balevav
66%
penimah,
58%
hatikvah
54%
kadimah,
53%
lo
53%
tikvatenu,
53%
'ayin
51%
'Od
51%
homiyah,
49%
bat
46%
mizrach
46%
'am
42%
avdah
42%
shnot
42%
'alpayim,
41%
'eretz
41%
chofshi
37%
tzofiyah;
37%
ulfa'atey
37%
'am
36%
'eretz
34%
chofshi
32%
leTziyon
32%
Tziyon
32%
be'artzenu,
29%
be'artzenu,
29%
lihyot
29%
Tziyon
27%
v'Yerushalayim,
25%
lihyot
24%
v'Yerushalayim.
22%
No matching quizzes found
Score Distribution
Percent of People with Each Score
Percentile by Number Answered
Your Score History
You have not taken this quiz